Catálogo público

Climate change -resilient agriculture and agroforestry : (Record no. 217397)

MARC details
000 -CABECERA
campo de control de longitud fija 00914 a2200241 4500
003 - IDENTIFICADOR DEL NÚMERO DE CONTROL
campo de control OSt
005 - FECHA Y HORA DE LA ÚLTIMA TRANSACCIÓN
campo de control 20230418114222.0
008 - DATOS DE LONGITUD FIJA--INFORMACIÓN GENERAL
campo de control de longitud fija 220728s2019 us a|||| |||| 00| 0 eng d
020 ## - NÚMERO INTERNACIONAL ESTÁNDAR DEL LIBRO
Número Internacional Estándar del Libro 9783319750033
040 ## - FUENTE DE LA CATALOGACIÓN
Centro/agencia transcriptor CHAP
082 00 - NÚMERO DE LA CLASIFICACIÓN DECIMAL DEWEY
Número de clasificación 338.14
Número de documento/Ítem C63
Número de edición 22
245 00 - MENCIÓN DE TÍTULO
Título Climate change -resilient agriculture and agroforestry :
Resto del título ecosystem services and sustainability /
Mención de responsabilidad, etc. por Paula Castro... [y otros.]
264 #1 - PRODUCCIÓN, PUBLICACIÓN, DISTRIBUCIÓN, FABRICACIÓN Y COPYRIGHT
Producción, publicación, distribución, fabricación y copyright Suiza :
Nombre del de productor, editor, distribuidor, fabricante Springer Nature,
Fecha de producción, publicación, distribución, fabricación o copyright 2019.
300 ## - DESCRIPCIÓN FÍSICA
Extensión 520 páginas;
Otras características físicas Ilustraciones, figuras y tablas.
490 1# - MENCIÓN DE SERIE
Mención de serie Climate change management
650 #2 - PUNTO DE ACCESO ADICIONAL DE MATERIA--TÉRMINO DE MATERIA
9 (RLIN) 17782
Término de materia o nombre geográfico como elemento de entrada Cambio climático
Subdivisión general Bosques
650 #2 - PUNTO DE ACCESO ADICIONAL DE MATERIA--TÉRMINO DE MATERIA
9 (RLIN) 132129
Término de materia o nombre geográfico como elemento de entrada Cambio climático
Subdivisión general Efecto en suelos
650 #2 - PUNTO DE ACCESO ADICIONAL DE MATERIA--TÉRMINO DE MATERIA
9 (RLIN) 128247
Término de materia o nombre geográfico como elemento de entrada Cambios climáticos
Subdivisión general Condiciones rurales
650 #2 - PUNTO DE ACCESO ADICIONAL DE MATERIA--TÉRMINO DE MATERIA
9 (RLIN) 1348
Término de materia o nombre geográfico como elemento de entrada Agricultura
Subdivisión general Cambio climático
-- Aspectos económicos
700 1# - PUNTO DE ACCESO ADICIONAL--NOMBRE DE PERSONA
9 (RLIN) 186619
Nombre de persona Castro, Paula
Término indicativo de función/relación Editor.
830 ## - PUNTO DE ACCESO ADICIONAL DE SERIE-TÍTULO UNIFORME
9 (RLIN) 186620
Título uniforme Climate change management
942 ## - ELEMENTOS DE PUNTO DE ACCESO ADICIONAL (KOHA)
Fuente del sistema de clasificación o colocación Dewey Decimal Classification
Tipo de ítem Koha Libro
Holdings
Estado de retiro Estado de pérdida Fuente del sistema de clasificación o colocación Estado dañado Restricciones de uso No para préstamo Código de colección Localización permanente Ubicación/localización actual Ubicación en estantería Fecha de adquisición Total de préstamos Signatura topográfica completa Código de barras Fecha visto por última vez Precio válido a partir de Tipo de ítem Koha Número de copia
    Dewey Decimal Classification   Préstamo 15 días   General Biblioteca Central Biblioteca Central Planta alta - Colección General 13/04/2023   338.14 C63 33724002572538 13/04/2023 13/04/2023 Libro  
    Dewey Decimal Classification   Préstamo 15 días   General Biblioteca Central Biblioteca Central Planta alta - Colección General 13/04/2023   338.14 C63 33724002572579 13/04/2023 13/04/2023 Libro c.2